Подробности
| 000 -МАРКЕР |
| контрольное поле |
03434nam0a2200421 4500 |
| 001 - ИДЕНТИФИКАТОР ЗАПИСИ |
| контрольное поле |
RU\NLR\BIBL_A\016268454 |
| 005 - ИДЕНТИФИКАТОР ВЕРСИИ |
| контрольное поле |
20230306164237.0 |
| 010 ## - МЕЖДУНАРОДНЫЙ СТАНДАРТНЫЙ НОМЕР КНИГИ (ISBN) |
| Номер (ISBN) |
978-5-00180-830-5 |
| Тираж |
1200 |
| 021 ## - НОМЕР ГОСУДАРСТВЕННОЙ РЕГИСТРАЦИИ |
| Код страны |
Российская Федерация |
| Номер |
КН-П-22-090057 |
| Номер Листа государственной регистраци |
КН-П-22-8010 |
| 035 ## - ДРУГИЕ СИСТЕМНЫЕ НОМЕРА |
| Идентификатор записи |
(NLR Aleph) 016268454 |
| 035 ## - ДРУГИЕ СИСТЕМНЫЕ НОМЕРА |
| Идентификатор записи |
(RuMoRGB)011487215 |
| 100 ## - ДАННЫЕ ОБЩЕЙ ОБРАБОТКИ |
| Данные общей обработки |
20230124d2023 u y0rusy50 ca |
| 101 0# - ЯЗЫК РЕСУРСА |
| Язык текста, звукозаписи и т.д. |
русский |
| 102 ## - СТРАНА ПУБЛИКАЦИИ ИЛИ ПРОИЗВОДСТВА |
| Страна публикации |
Российская Федерация |
| 105 ## - ПОЛЕ КОДИРОВАННЫХ ДАННЫХ: ТЕКСТОВЫЕ МАТЕРИАЛЫ, МОНОГРАФИЧЕСКИЕ |
| Кодированные данные о монографическом текстовом документе |
y z 000zy |
| 181 #0 - ПОЛЕ КОДИРОВАННЫХ ДАННЫХ: ВИД СОДЕРЖАНИЯ |
| Код вида содержания (ISBD) |
i4 |
| Код характеристики содержания (ISBD) |
axxe |
| 182 #1 - ПОЛЕ КОДИРОВАННЫХ ДАННЫХ: ТИП СРЕДСТВА |
| Код типа средства (ISBD) |
n - непосредственное |
| 200 1# - ЗАГЛАВИЕ И СВЕДЕНИЯ ОБ ОТВЕТСТВЕННОСТИ |
| Основное заглавие |
Тайная полиция в России |
| Сведения, относящиеся к заглавию |
от Ивана Грозного до Николая Второго |
| Первые сведения об ответственности |
Чарльз Рууд, Сергей Степанов |
| 203 ## - ВИД СОДЕРЖАНИЯ И ТИП СРЕДСТВА |
| Вид содержания |
Текст |
| Дополнительные сведения об издании |
визуальный |
| Тип средства |
непосредственный |
| 210 ## - ПУБЛИКАЦИЯ, РАСПРОСТРАНЕНИЕ И ДР. |
| Место издания, распространения и т.д. |
Москва |
| Имя издателя, распространителя и т. д. |
Родина |
| Дата издания, распространения и т.д. |
2023 [т. е. 2022] |
| 215 ## - ФИЗИЧЕСКАЯ ХАРАКТЕРИСТИКА |
| Специфическое обозначение материала и объем |
382, [1] с. |
| Размеры |
21 |
| 225 1# - СЕРИЯ |
| Основное заглавие серии |
Криминальные и судебные истории |
| 300 ## - ОБЩИЕ ПРИМЕЧАНИЯ |
| Текст примечания |
Кн. фактически издана в 2022 г. |
| 320 ## - ПРИМЕЧАНИЯ О НАЛИЧИИ В ДОКУМЕНТЕ БИБЛИОГРАФИИ / УКАЗАТЕЛЯ |
| Текст примечания |
Библиогр.: с. 376-383 |
| 330 ## - РЕЗЮМЕ ИЛИ РЕФЕРАТ |
| Текст примечания |
Секретная полиция появилась в Российской империи в декабре 1882 года. Когда было утверждено Положение "Об устройстве секретной полиции в Империи". Документом предусматривалось создание специальных охранных отделений в крупных городах России, которые занимались политическим сыском. Но еще в декабре 1564 года Иван Грозный объявил о создании опричнины, которая считается первым органом политического сыска в России. Совместная работа профессора истории Ч. Рууда (Канада) и доктора исторических наук С. Степанова охватывает широкие хронологические рамки: от опричнины Ивана Грозного до деятельности охранных отделений, служивших двум последним царям. Авторы раскрывают перед читателем специфический мир тайной полиции, профессиональные и личные отношения между ее сотрудниками, организацию политического сыска, тайной агентуры и т. д. Широко используются документы из отечественных и зарубежных архивов |
| 333 ## - ПРИМЕЧАНИЯ ОБ ОСОБЕННОСТЯХ РАСПРОСТРАНЕНИЯ И ИСПОЛЬЗОВАНИЯ |
| Текст примечания |
16+ |
| 606 1# - НАИМЕНОВАНИЕ ТЕМЫ КАК ПРЕДМЕТ |
| Наименование темы |
Политическая полиция |
| Тематический подзаголовок |
История |
| Географический подзаголовок |
Россия |
| Код системы |
nlr_sh1 |
| -- |
nlr_sh2 |
| Идентификатор авторитетной/нормативной записи |
RU\NLR\AUTH\661255109 |
| 686 1# - ИНДЕКСЫ ДРУГИХ КЛАССИФИКАЦИЙ |
| Индекс |
Х2(2)44-523 |
| 686 1# - ИНДЕКСЫ ДРУГИХ КЛАССИФИКАЦИЙ |
| Индекс |
Х819(2)112.011.011 |
| 700 #1 - ИМЯ ЛИЦА - ПЕРВИЧНАЯ ОТВЕТСТВЕННОСТЬ |
| Начальный элемент ввода |
Рууд |
| Часть имени, кроме начального элемента ввода |
Ч. |
| Расширение инициалов личного имени |
Чарльз |
| 701 #1 - ИМЯ ЛИЦА - АЛЬТЕРНАТИВНАЯ ОТВЕТСТВЕННОСТЬ |
| Начальный элемент ввода |
Степанов |
| Часть имени, кроме начального элемента ввода |
С. А. |
| Дополнения к именам, кроме дат |
д-р ист. наук |
| Даты |
1956- |
| Расширение инициалов личного имени |
Сергей Александрович |
| Идентификатор авторитетной/нормативной записи |
RU\NLR\AUTH\7727522 |
| 702 #0 - ИМЯ ЛИЦА - ВТОРИЧНАЯ ОТВЕТСТВЕННОСТЬ |
| Начальный элемент ввода |
Иван |
| Дополнения к именам, кроме дат |
царь русский |
| Римские цифры |
IV |
| Даты |
1530-1584 |
| Идентификатор авторитетной/нормативной записи |
RU\NLR\AUTH\778743 |
| Код отношения |
Объект посвящения |
| 702 #0 - ИМЯ ЛИЦА - ВТОРИЧНАЯ ОТВЕТСТВЕННОСТЬ |
| Начальный элемент ввода |
Николай |
| Дополнения к именам, кроме дат |
император российский |
| Римские цифры |
II |
| Даты |
1868-1918 |
| Идентификатор авторитетной/нормативной записи |
RU\NLR\AUTH\773750 |
| Код отношения |
Объект посвящения |
| 942 ## - ДОПОЛНИТЕЛЬНЫЕ ЭЛЕМЕНТЫ ЗАПИСИ (АБИС) |
| Тип экземпляра АБИС |
Книга |
| 980 ## - КОЛЛЕКЦИЯ |
| Название коллекции |
Национальная библиография |